Members of the former Warsaw Pact - Statistics

General Stats
  • This quiz has been taken 27 times
  • The average score is 6 of 8
Answer Stats
Years Formerly in the Pact Nation % Correct
1955-1991 Poland
100%
1955-1991 Bulgaria
89%
1955-1968 1968-1989 Czechoslovakia
89%
1955-1990 East Germany
89%
1955-1956, 1956-1991 Hungary
89%
1955-1989 Romania
89%
1955-1961 Albania
78%
1955-1991 Union of Soviet Socialist Republics
22%
No matching quizzes found
Score Distribution
Percent of People with Each Score
Percentile by Number Answered
Your Score History
You have not taken this quiz